Normal view
MARC view
Entry Personal Name
001 - CONTROL NUMBER
- control field: 11978
003 - CONTROL NUMBER IDENTIFIER
- control field: BD-RjUL
005 - DATE AND TIME OF LATEST TRANSACTION
- control field: 20240229114441.0
008 - FIXED-LENGTH DATA ELEMENTS
- fixed length control field: 240229|| aca||aabn | a|a d
040 ## - CATALOGING SOURCE
- Original cataloging agency: BD-RjUL
- Transcribing agency: BD-RjUL
100 ## - HEADING--PERSONAL NAME
- Personal name: Nasir al-Din نصير الدين
670 ## - SOURCE DATA FOUND
- Source citation: Work cat.: (BD-RjUL)83187: Nasir al-Din نصير الدين , حدايق البلاغة / Ḥadāʼiq al-balāghah /, 1923